[Event "4NCL/Div2/W&S vs. SLO2"]
[Site "Birmingham ENG"]
[Date "2002.01.20"]
[Round "6.6"]
[White "Crichton, Martin"]
[Black "Smallbone, Kieran"]
[Result "0-1"]
[WhiteElo "2041"]
[BlackElo "2110"]
[PlyCount "116"]
[EventDate "2002.01.20"]
[SourceDate "2001.01.01"]

1. e4 d6 2. d4 Nf6 3. Nc3 c6 4. Be2 Qa5 5. Bd2 Qc7 6. Nf3 Bg4 7. O-O e6 8. Ng5
Bxe2 9. Qxe2 h6 10. Nf3 e5 11. d5 Be7 12. b4 cxd5 13. exd5 O-O 14. Nb5 Qc8 15.
c4 a6 16. Nc3 b6 17. Rfc1 Nbd7 18. a4 Qb7 19. a5 bxa5 20. Rxa5 Qxb4 21. Rca1
Rfc8 22. R5a4 Qb7 23. Be3 Qc7 24. Nb5 Qb7 25. Qa2 Nb6 26. Bxb6 Qxb6 27. Nd2
Nxd5 28. Rxa6 Rxa6 29. Qxa6 Qxa6 30. Rxa6 Nb4 31. Ra1 d5 32. cxd5 Nxd5 33. g3
Rb8 34. Na7 Bc5 35. Nc6 Rb7 36. Ne4 Bd4 37. Nxd4 exd4 38. Ra4 Rb4 39. Rxb4 Nxb4
40. f4 f6 41. Kf2 Kf7 42. Nc5 Ke7 43. Nb3 Nc6 44. Kf3 Ke6 45. Ke4 f5+ 46. Kd3
Kd5 47. Nd2 Nb4+ 48. Ke2 Na6 49. h3 Nc5 50. g4 Ne4 51. Nf3 Kc4 52. gxf5 Kc3 53.
Ne5 Nc5 54. f6 gxf6 55. Ng4 d3+ 56. Ke3 d2 57. Nf2 Kc2 58. Ke2 Ne4 0-1

[Event "4NCL/Div2/W&S vs. SLO2"]
[Site "Birmingham ENG"]
[Date "2002.01.20"]
[Round "6.7"]
[White "Elliott, Sean"]
[Black "Chevannes, Sabrina"]
[Result "1-0"]
[WhiteElo "1952"]
[BlackElo "1824"]
[PlyCount "79"]
[EventDate "2002.01.20"]
[SourceDate "2001.01.01"]

1. e4 c6 2. d4 d5 3. Nc3 g6 4. Nf3 Bg7 5. Be3 Bg4 6. Be2 e6 7. Qd2 dxe4 8. Nxe4
Ne7 9. O-O-O Nf5 10. Bg5 Qd5 11. Nf6+ Bxf6 12. Bxf6 Bxf3 13. c4 Qd7 14. Bxh8
Bxe2 15. Qxe2 Qe7 16. Be5 Nd7 17. Rhe1 Qg5+ 18. f4 Qe7 19. g4 Nh6 20. g5 Nf5
21. d5 cxd5 22. cxd5 Nxe5 23. Qxe5 O-O-O 24. dxe6 Rxd1+ 25. Kxd1 fxe6 26. Qxe6+
Qxe6 27. Rxe6 Kd7 28. Re5 Nd6 29. b3 Nf7 30. Re3 Nd8 31. Ke2 Ne6 32. Kf3 Kd6
33. Kg4 Ng7 34. h4 b6 35. b4 Nf5 36. Re8 Kc6 37. Rh8 Kb5 38. Rxh7 Kxb4 39. Rxa7
Kc5 40. h5 1-0

[Event "4NCL/Div2/W&S vs. SLO2"]
[Site "Birmingham ENG"]
[Date "2002.01.20"]
[Round "6.8"]
[White "Purton, Ben"]
[Black "Headlong, Fenella"]
[Result "1-0"]
[WhiteElo "1664"]
[BlackElo "1656"]
[PlyCount "79"]
[EventDate "2002.01.20"]
[SourceDate "2001.01.01"]

1. e4 e5 2. Nf3 Nc6 3. Bc4 Bc5 4. b4 Bxb4 5. c3 Be7 6. d4 Nh6 7. Bxh6 gxh6 8.
Nxe5 Nxe5 9. dxe5 d6 10. Qh5 O-O 11. exd6 Qxd6 12. Nd2 Qg6 13. Qe2 Bf6 14. e5
Bg4 15. Qe3 Bxe5 16. Bd3 Qg5 17. Qxg5+ hxg5 18. Rc1 Bf4 19. f3 Rfe8+ 20. Be4
Rad8 21. Rc2 Bf5 22. O-O Be3+ 23. Kh1 Bxe4 24. Nxe4 Kg7 25. Ng3 Kg6 26. Rb2 b6
27. h3 Rd2 28. Rxd2 Bxd2 29. Ne4 Bf4 30. g4 Rd8 31. Kg2 c5 32. Kf2 c4 33. Ke2
Rd3 34. Rb1 Rd5 35. Rb4 b5 36. a4 a6 37. axb5 axb5 38. Rb2 h5 39. gxh5+ Kxh5
40. Nf6+ 1-0

[Event "4NCL/Div2/PPA1 vs. RIC"]
[Site "Birmingham ENG"]
[Date "2002.01.20"]
[Round "6.1"]
[White "Walker, Martin G"]
[Black "Wall, Gavin"]
[Result "1/2-1/2"]
[WhiteElo "2357"]
[BlackElo "2378"]
[PlyCount "47"]
[EventDate "2002.01.20"]
[SourceDate "2001.01.01"]

1. e4 e5 2. Nf3 d6 3. Bc4 Be7 4. O-O Nf6 5. Re1 O-O 6. c3 Nc6 7. d4 exd4 8.
cxd4 d5 9. Bxd5 Nxd5 10. exd5 Qxd5 11. Nc3 Qd8 12. d5 Nb4 13. a3 Na6 14. Bf4
Bg4 15. h3 Bh5 16. Rc1 Bd6 17. Bxd6 Qxd6 18. b4 Rad8 19. g4 Bg6 20. Ne5 Rfe8
21. Nc4 Qf6 22. Na5 Qb6 23. Qd2 h5 24. Na4 1/2-1/2

[Event "4NCL/Div2/PPA1 vs. RIC"]
[Site "Birmingham ENG"]
[Date "2002.01.20"]
[Round "6.2"]
[White "Bates, Richard A"]
[Black "Swanson, Stephen"]
[Result "1/2-1/2"]
[WhiteElo "2358"]
[BlackElo "2271"]
[PlyCount "82"]
[EventDate "2002.01.20"]
[SourceDate "2001.01.01"]

1. e4 e5 2. Nf3 Nc6 3. Bc4 Nf6 4. d3 Be7 5. O-O O-O 6. a4 d6 7. a5 Be6 8. Re1
Nd7 9. Nbd2 Nc5 10. Nf1 Bxc4 11. dxc4 Ne6 12. c3 b6 13. axb6 axb6 14. Rxa8 Qxa8
15. Ne3 Qa2 16. Qd5 Qa8 17. b4 Qe8 18. Qd1 Bd8 19. Qc2 Ne7 20. Nd5 Kh8 21. Be3
Ng8 22. Ra1 g6 23. Ra7 f5 24. exf5 gxf5 25. Nd2 Qh5 26. f4 Qe2 27. Bf2 c6 28.
Ne3 Nxf4 29. Nf3 Nh3+ 30. gxh3 Qxf3 31. Qd1 Qxh3 32. Qxd6 Re8 33. Qxc6 Nf6 34.
Ra8 Rg8+ 35. Kh1 e4 36. Bg3 Qh5 37. Rxd8 Qf3+ 38. Kg1 Qxe3+ 39. Kh1 Qf3+ 40.
Kg1 Qe3+ 41. Kh1 Qf3+ 1/2-1/2

[Event "4NCL/Div2/PPA1 vs. RIC"]
[Site "Birmingham ENG"]
[Date "2002.01.20"]
[Round "6.3"]
[White "Harley, Andrew"]
[Black "Hinks-Edwards, Thomas"]
[Result "1/2-1/2"]
[WhiteElo "2258"]
[BlackElo "2322"]
[PlyCount "24"]
[EventDate "2002.01.20"]
[SourceDate "2001.01.01"]

1. e4 c6 2. d4 d5 3. exd5 cxd5 4. c4 Nf6 5. Nc3 e6 6. Nf3 Be7 7. cxd5 Nxd5 8.
Bd3 O-O 9. O-O Nd7 10. Nxd5 exd5 11. Qb3 Nf6 12. Ne5 Qb6 1/2-1/2

[Event "4NCL/Div2/PPA1 vs. RIC"]
[Site "Birmingham ENG"]
[Date "2002.01.20"]
[Round "6.4"]
[White "Webb, Laurence E"]
[Black "Rosen, Daniel B"]
[Result "1-0"]
[WhiteElo "2239"]
[BlackElo "2228"]
[PlyCount "57"]
[EventDate "2002.01.20"]
[SourceDate "2001.01.01"]

1. e4 g6 2. d4 Bg7 3. Nc3 c6 4. Bc4 d6 5. Qf3 e6 6. Nge2 Nd7 7. O-O Ngf6 8. Bb3
O-O 9. a4 Qc7 10. a5 e5 11. Be3 exd4 12. Nxd4 Nc5 13. Bg5 Ng4 14. Rfd1 Ne5 15.
Qg3 Be6 16. Nxe6 Nxe6 17. Be3 Nc5 18. Bxc5 dxc5 19. f4 Nd7 20. e5 Kh8 21. Ne4
f6 22. e6 Nb8 23. f5 Qxg3 24. hxg3 Na6 25. Nd6 Rfb8 26. e7 Nc7 27. Nf7+ Kg8 28.
Rd8+ Ne8 29. Rad1 1-0

[Event "4NCL/Div2/PPA1 vs. RIC"]
[Site "Birmingham ENG"]
[Date "2002.01.20"]
[Round "6.5"]
[White "Moore, Gerald"]
[Black "Phillips, Roy"]
[Result "1-0"]
[WhiteElo "2233"]
[BlackElo "2228"]
[PlyCount "81"]
[EventDate "2002.01.20"]
[SourceDate "2001.01.01"]

1. Nf3 d5 2. c4 c6 3. d4 Nf6 4. Nc3 dxc4 5. a4 Bf5 6. e3 e6 7. Bxc4 Bb4 8. O-O
O-O 9. Qe2 Bg6 10. Ne5 Nbd7 11. Nxg6 hxg6 12. Rd1 Qa5 13. Bd2 Nb6 14. Bb3 e5
15. Na2 Bxd2 16. Qxd2 Qxd2 17. Rxd2 Ne4 18. Rdd1 exd4 19. Rxd4 Nc5 20. Bc2 Ne6
21. Rdd1 Nc5 22. Nc3 a5 23. Kf1 Rfd8 24. Ke2 Kf8 25. b3 Ke7 26. Rxd8 Rxd8 27.
Rb1 Na6 28. Rd1 Rxd1 29. Bxd1 Nc5 30. e4 g5 31. Ke3 Kd6 32. g3 Nbd7 33. f4
gxf4+ 34. gxf4 f6 35. h4 Na6 36. h5 Ndc5 37. Ne2 Ne6 38. Nd4 Nxd4 39. Kxd4 Nc5
40. e5+ fxe5+ 41. fxe5+ 1-0

[Event "4NCL/Div2/PPA1 vs. RIC"]
[Site "Birmingham ENG"]
[Date "2002.01.20"]
[Round "6.6"]
[White "Franklin, Michael J"]
[Black "Bonafont, Philip"]
[Result "1-0"]
[WhiteElo "2233"]
[BlackElo "2188"]
[PlyCount "99"]
[EventDate "2002.01.20"]
[SourceDate "2001.01.01"]

1. d4 Nf6 2. Nf3 e6 3. e3 b6 4. Nbd2 Bb7 5. Bd3 c5 6. O-O Nc6 7. c3 Be7 8. Qe2
O-O 9. dxc5 bxc5 10. e4 d6 11. Re1 Qc7 12. Nf1 Nd7 13. Bc2 Bf6 14. Ng3 a5 15.
Nh5 Ba6 16. Qe3 e5 17. Nxf6+ Nxf6 18. Nh4 Ne7 19. Qf3 Qd7 20. Bg5 Qe6 21. Rad1
Rfd8 22. Bb3 c4 23. Ba4 Rab8 24. Rd2 Bb5 25. Bd1 Bc6 26. Bxf6 Qxf6 27. Qxf6
gxf6 28. Bf3 f5 29. exf5 Bxf3 30. gxf3 f6 31. f4 Kf7 32. fxe5 fxe5 33. Re4 Rbc8
34. f4 exf4 35. Rxf4 Kf6 36. Nf3 Rc5 37. Nd4 Rg8+ 38. Kf2 Rg5 39. Kf3 Re5 40.
h4 Rg1 41. Kf2 Nd5 42. Kxg1 Nxf4 43. Nc6 Rxf5 44. Rxd6+ Kg7 45. Nd4 Re5 46. Kf1
h5 47. Rb6 Kf7 48. Kf2 Ng6 49. Nf3 Rc5 50. Ng5+ 1-0

[Event "4NCL/Div2/PPA1 vs. RIC"]
[Site "Birmingham ENG"]
[Date "2002.01.20"]
[Round "6.7"]
[White "Byway, Paul"]
[Black "Nixon, Thomas CM"]
[Result "1-0"]
[WhiteElo "2216"]
[BlackElo "2160"]
[PlyCount "75"]
[EventDate "2002.01.20"]
[SourceDate "2001.01.01"]

1. d4 d5 2. Nf3 Nf6 3. Bf4 Nbd7 4. e3 e6 5. c4 c6 6. Nc3 Be7 7. Qc2 O-O 8. cxd5
exd5 9. Bd3 Re8 10. O-O Nf8 11. Rab1 Nh5 12. Bg3 Nxg3 13. hxg3 b6 14. b4 Bb7
15. Qe2 a6 16. Rfc1 Bf6 17. a4 a5 18. Qb2 Nd7 19. bxa5 Rxa5 20. Bf5 Ra6 21. Bd3
Ra5 22. Bf5 Ra6 23. a5 g6 24. Bxd7 Qxd7 25. axb6 Rea8 26. Ne5 Qe6 27. Nd3 Be7
28. Nc5 Bxc5 29. dxc5 Qe7 30. Nxd5 cxd5 31. c6 Rb8 32. cxb7 Qxb7 33. Qf6 h6 34.
Kh2 Rf8 35. Qd6 Ra2 36. Rc7 Qb8 37. b7 Rc2 38. Qxf8+ 1-0

[Event "4NCL/Div2/PPA1 vs. RIC"]
[Site "Birmingham ENG"]
[Date "2002.01.20"]
[Round "6.8"]
[White "Wilson, Alexandra"]
[Black "Connolly, Suzanne"]
[Result "1-0"]
[WhiteElo "2099"]
[BlackElo "2086"]
[PlyCount "129"]
[EventDate "2002.01.20"]
[SourceDate "2001.01.01"]

1. e4 c6 2. d3 d5 3. Nd2 e5 4. Ngf3 Bd6 5. g3 Nf6 6. Bg2 O-O 7. O-O Bg4 8. Re1
Re8 9. h3 Bd7 10. Nf1 Na6 11. Nh4 Nc7 12. Qf3 Ne6 13. c3 d4 14. Nf5 Bf8 15.
cxd4 Nxd4 16. Nxd4 exd4 17. Nd2 Bb4 18. a3 Bxd2 19. Bxd2 Be6 20. Bg5 h6 21.
Bxf6 Qxf6 22. Qxf6 gxf6 23. Rac1 Rad8 24. Rc5 Bb3 25. f4 Re7 26. Bf3 Rde8 27.
Rec1 Kg7 28. Bd1 Bxd1 29. Rxd1 Rd8 30. Rdc1 Rd6 31. b4 Ree6 32. Kf2 Re7 33. Kf3
Rd8 34. R1c4 Red7 35. Rc1 Rd6 36. g4 Re8 37. R1c4 Rd7 38. Rc1 Rd6 39. R1c2 Rd7
40. Rc1 Rd6 41. a4 a6 42. a5 Rd7 43. Rh5 Rd6 44. Rg1 Rb8 45. g5 fxg5 46. fxg5
hxg5 47. Rgxg5+ Rg6 48. Rxg6+ Kxg6 49. Rc5 f6 50. h4 Rg8 51. Rf5 Rg7 52. h5+
Kh6 53. Rxf6+ Kxh5 54. Rd6 Rf7+ 55. Ke2 Kg4 56. Rxd4 Kf4 57. Kd2 Rg7 58. Kc3
Rg5 59. Rd7 Rb5 60. Rh7 Kg4 61. Rg7+ Kf4 62. Rf7+ Kg4 63. Kc4 b6 64. axb6 Rxb6
65. Rf5 1-0

[Event "4NCL/Div2/BGR3 vs. ATH"]
[Site "Birmingham ENG"]
[Date "2002.01.20"]
[Round "6.1"]
[White "Black, Richard"]
[Black "van Voorthuijsen, Pieter W"]
[Result "0-1"]
[WhiteElo "2246"]
[BlackElo "2324"]
[PlyCount "102"]
[EventDate "2002.01.20"]
[SourceDate "2001.01.01"]

1. e4 d6 2. d4 g6 3. Nf3 Bg7 4. Nc3 Nf6 5. Be3 O-O 6. Qd2 c6 7. Bh6 b5 8. Bd3
b4 9. Ne2 a5 10. h4 Bg4 11. Ng3 d5 12. Bxg7 Kxg7 13. e5 Ne4 14. Nxe4 dxe4 15.
Bxe4 f5 16. exf6+ exf6 17. O-O-O Ra7 18. Qf4 f5 19. Ng5 Re7 20. Bf3 h6 21. Nh3
Rfe8 22. h5 gxh5 23. d5 c5 24. Qc4 Qd6 25. Qf4 Qf6 26. Qd2 a4 27. c4 Re2 28.
Bxe2 Rxe2 29. Nf4 Rxd2 30. Rxd2 a3 31. Ne6+ Kf7 32. f3 b3 33. Kb1 bxa2+ 34.
Kxa2 Nc6 35. bxa3 Qc3 36. Rhd1 Qxc4+ 37. Kb1 Qb3+ 38. Ka1 Qxa3+ 39. Kb1 Qb3+
40. Ka1 Nb4 41. Rc1 c4 42. Nd4 Qa3+ 43. Kb1 c3 44. Re2 c2+ 45. Rcxc2 Nxc2 46.
Kxc2 Qa2+ 47. Kd3 Qxd5 48. Rd2 Kg6 49. fxg4 hxg4 50. Ke3 f4+ 51. Kf2 Qe4 0-1

[Event "4NCL/Div2/BGR3 vs. ATH"]
[Site "Birmingham ENG"]
[Date "2002.01.20"]
[Round "6.2"]
[White "Wade, Robert G"]
[Black "Shaw, David A"]
[Result "1/2-1/2"]
[WhiteElo "2224"]
[BlackElo "2211"]
[PlyCount "59"]
[EventDate "2002.01.20"]
[SourceDate "2001.01.01"]

1. e4 e6 2. d4 d5 3. Nd2 Nf6 4. e5 Nfd7 5. f4 c5 6. c3 Nc6 7. Ndf3 Qb6 8. Ne2
Be7 9. g3 cxd4 10. cxd4 f6 11. Bh3 fxe5 12. fxe5 Rf8 13. O-O Ndxe5 14. Nxe5
Nxe5 15. Rxf8+ Kxf8 16. Nf4 Qxd4+ 17. Qxd4 Nf3+ 18. Kf2 Nxd4 19. Be3 e5 20.
Bxd4 exf4 21. Bg2 fxg3+ 22. hxg3 Be6 23. Re1 Kf7 24. Bxg7 Bc5+ 25. Kf1 Bf5 26.
Rd1 d4 27. Be5 Re8 28. Bd5+ Be6 29. Bxd4 Bxd4 30. Bxe6+ 1/2-1/2

[Event "4NCL/Div2/BGR3 vs. ATH"]
[Site "Birmingham ENG"]
[Date "2002.01.20"]
[Round "6.3"]
[White "Lyell, Mark"]
[Black "Spivack, Simon"]
[Result "1-0"]
[WhiteElo "2218"]
[BlackElo "2182"]
[PlyCount "98"]
[EventDate "2002.01.20"]
[SourceDate "2001.01.01"]

1. e4 c5 2. c3 e6 3. d4 d5 4. e5 Qb6 5. Nf3 Bd7 6. a3 cxd4 7. cxd4 Bb5 8. Bxb5+
Qxb5 9. Nc3 Qa6 10. Ne2 Ne7 11. O-O Nd7 12. Bd2 Nc6 13. Bc3 Be7 14. Qd2 O-O 15.
Rfe1 Qb5 16. a4 Qb6 17. a5 Qb5 18. Nf4 b6 19. axb6 Nxb6 20. Nh5 Nb4 21. Bxb4
Qxb4 22. Qf4 Rfc8 23. Ng5 Bxg5 24. Qxg5 Qf8 25. Ra3 h6 26. Qg4 Nd7 27. Rg3 g6
28. Nf4 Qe8 29. Rh3 Kh7 30. Rg3 Rc4 31. Nh5 Qf8 32. Nf6+ Nxf6 33. exf6 Qb4 34.
Rd1 Qxb2 35. h3 Rac8 36. Rgd3 a5 37. f4 Rc1 38. Rxc1 Qxc1+ 39. Kh2 a4 40. Qf3
Qc4 41. h4 h5 42. Qe3 Rb8 43. Rc3 Rb3 44. Rxc4 Rxe3 45. Rxa4 Rc3 46. Ra7 Rc4
47. Rxf7+ Kh6 48. Rf8 Kh7 49. Re8 Rc7 1-0

[Event "4NCL/Div2/BGR3 vs. ATH"]
[Site "Birmingham ENG"]
[Date "2002.01.20"]
[Round "6.4"]
[White "Stevenson, James A.B"]
[Black "Garner, David"]
[Result "1/2-1/2"]
[WhiteElo "2151"]
[BlackElo "2163"]
[PlyCount "45"]
[EventDate "2002.01.20"]
[SourceDate "2001.01.01"]

1. c4 Nf6 2. Nc3 g6 3. g3 Bg7 4. Bg2 O-O 5. e4 d6 6. Nge2 c5 7. O-O Nc6 8. a3
Bg4 9. f3 Bd7 10. h3 Ne8 11. f4 Nc7 12. Rb1 a5 13. d3 Rb8 14. a4 Ne6 15. g4
Ned4 16. Be3 e6 17. Ng3 Ne7 18. Qd2 f5 19. g5 Bc6 20. Nb5 b6 21. Rbe1 Qd7 22.
h4 Ba8 23. h5 1/2-1/2

[Event "4NCL/Div2/BGR3 vs. ATH"]
[Site "Birmingham ENG"]
[Date "2002.01.20"]
[Round "6.6"]
[White "Milligan, Helen"]
[Black "Anderton, David W"]
[Result "0-1"]
[WhiteElo "2130"]
[BlackElo "2230"]
[PlyCount "64"]
[EventDate "2002.01.20"]
[SourceDate "2001.01.01"]

1. e4 e6 2. d4 d5 3. Nc3 Nf6 4. Bg5 Bb4 5. e5 h6 6. Bd2 Bxc3 7. bxc3 Ne4 8. Qg4
g6 9. Bd3 Nxd2 10. Kxd2 c5 11. Nf3 Bd7 12. Rhb1 c4 13. Be2 Bc6 14. h4 Nd7 15.
Nh2 Qe7 16. a4 a5 17. Nf1 Ra6 18. Ne3 Nb6 19. Qf4 h5 20. g4 hxg4 21. Nxg4 Kd7
22. h5 gxh5 23. Nf6+ Kc7 24. Bxh5 Nxa4 25. Rg1 Nxc3 26. Rg7 Qb4 27. Rxf7+ Kb8
28. Ke3 Nb1 29. Rxb1 Qc3+ 30. Ke2 Qxc2+ 31. Kf3 Qxb1 32. Kg3 c3 0-1

[Event "4NCL/Div2/BGR3 vs. ATH"]
[Site "Birmingham ENG"]
[Date "2002.01.20"]
[Round "6.7"]
[White "Bellin, Jana"]
[Black "Wismayer, Clive R"]
[Result "1-0"]
[WhiteElo "2203"]
[BlackElo "2105"]
[PlyCount "47"]
[EventDate "2002.01.20"]
[SourceDate "2001.01.01"]

1. d4 e6 2. Nf3 f5 3. d5 Bd6 4. Nc3 Nf6 5. e4 fxe4 6. Ng5 Bb4 7. dxe6 d5 8. Nf7
Qe7 9. Nxh8 Bxe6 10. Be2 Nbd7 11. Bh5+ Kf8 12. O-O Kg8 13. Nb5 c6 14. Nc7 Rf8
15. Nxe6 Qxe6 16. Bf7+ Rxf7 17. Nxf7 Qxf7 18. Be3 Bd6 19. f4 c5 20. c3 Nb6 21.
b3 h6 22. Qe2 Nc8 23. Kh1 Ne7 24. g4 1-0

[Event "4NCL/Div2/BGR3 vs. ATH"]
[Site "Birmingham ENG"]
[Date "2002.01.20"]
[Round "6.8"]
[White "McKeown, Paul"]
[Black "Gunter, David W.W"]
[Result "0-1"]
[WhiteElo "2075"]
[BlackElo "2140"]
[PlyCount "60"]
[EventDate "2002.01.20"]
[SourceDate "2001.01.01"]

1. e4 e6 2. d4 d5 3. Nc3 Nf6 4. e5 Nfd7 5. f4 c5 6. Nf3 Nc6 7. Ne2 f6 8. c3 Be7
9. Be3 O-O 10. a3 a5 11. h4 b5 12. Rh3 b4 13. axb4 cxb4 14. g4 bxc3 15. bxc3
fxe5 16. fxe5 Nb6 17. Nf4 a4 18. Ng5 Bxg5 19. hxg5 g6 20. Qc2 Qe7 21. Kd2 Na5
22. Nh5 Nbc4+ 23. Bxc4 Nxc4+ 24. Kd3 gxh5 25. Qh2 Ba6 26. Bc1 Qf7 27. Kc2 Qg6+
28. Kd1 Rf1+ 29. Ke2 Raf8 30. Bf4 R1xf4 0-1

[Event "4NCL/Div2/KHE vs. PYO"]
[Site "Birmingham ENG"]
[Date "2002.01.20"]
[Round "6.1"]
[White "Berry, Stephen H"]
[Black "Addison, Bret C"]
[Result "1/2-1/2"]
[WhiteElo "2309"]
[BlackElo "2235"]
[PlyCount "82"]
[EventDate "2002.01.20"]
[SourceDate "2001.01.01"]

1. e4 c5 2. Nf3 e6 3. d3 Nc6 4. g3 Nf6 5. Bg2 d5 6. Nbd2 Be7 7. O-O O-O 8. e5
Nd7 9. Re1 b5 10. Nf1 a5 11. h4 Ba6 12. Bf4 b4 13. N1h2 a4 14. a3 Bb5 15. Ng5
Qe8 16. Ng4 Nd4 17. Ne3 Nb6 18. h5 Rc8 19. Qg4 Kh8 20. Rad1 Ba6 21. Nh3 Nb5 22.
h6 g6 23. Ra1 bxa3 24. bxa3 c4 25. Bg5 cxd3 26. cxd3 Rc3 27. Bf1 Bxg5 28. Nxg5
Qe7 29. Rec1 d4 30. Nd1 Rxc1 31. Rxc1 Nd5 32. Bg2 Ndc3 33. Nxc3 Nxc3 34. Bf1
Qxa3 35. Re1 Qe7 36. Nf3 Nb5 37. Nxd4 Nxd4 38. Qxd4 Bb5 39. Rb1 Bc6 40. Rb6 Rd8
41. Qc3 Bd5 1/2-1/2

[Event "4NCL/Div2/KHE vs. PYO"]
[Site "Birmingham ENG"]
[Date "2002.01.20"]
[Round "6.2"]
[White "Taylor, Martin R"]
[Black "Thomas, Richard H"]
[Result "1-0"]
[WhiteElo "2179"]
[BlackElo "2230"]
[PlyCount "139"]
[EventDate "2002.01.20"]
[SourceDate "2001.01.01"]

1. c4 c6 2. g3 d5 3. Bg2 Nf6 4. Nf3 Bf5 5. cxd5 cxd5 6. Qb3 Qc7 7. Nc3 e6 8. d3
Nc6 9. Bf4 e5 10. Nxe5 Nxe5 11. d4 Nd3+ 12. exd3 Bd6 13. Bxd6 Qxd6 14. O-O
O-O-O 15. Rfe1 Kb8 16. Rac1 Rd7 17. Re5 Be6 18. Na4 Rhd8 19. h3 Rc7 20. Rxc7
Kxc7 21. Nc3 Kb8 22. a3 Qc6 23. Qb5 Qxb5 24. Nxb5 a6 25. Nc3 Kc7 26. f4 g6 27.
g4 Kc6 28. f5 gxf5 29. gxf5 Bc8 30. Kf2 b6 31. b4 Bb7 32. Re7 Rd7 33. Rxd7 Kxd7
34. Ke3 Kd6 35. Bf3 Bc8 36. Kf4 h6 37. Na4 Kc6 38. Nc3 Kd6 39. Nd1 Bd7 40. Be2
Bc6 41. Ne3 Bd7 42. h4 Bc8 43. Ng4 Nh5+ 44. Ke3 Bxf5 45. Nxh6 Bg6 46. Bxh5 Bxh5
47. Nf5+ Kd7 48. Ng3 Bg6 49. h5 Bh7 50. Ne2 Ke6 51. Nc3 Kd6 52. Na4 Kc6 53. Nc3
Kd6 54. a4 Kc6 55. h6 Kd6 56. Kd2 Bf5 57. Ne2 Bh7 58. Nf4 Bf5 59. Kc3 Bh7 60.
Kd2 Bf5 61. a5 bxa5 62. bxa5 Kc6 63. Kc3 Kb5 64. Nxd5 Kxa5 65. Nf6 Kb5 66. h7
Bxh7 67. Nxh7 a5 68. Ng5 f5 69. Nf3 a4 70. Ne5 1-0

[Event "4NCL/Div2/KHE vs. PYO"]
[Site "Birmingham ENG"]
[Date "2002.01.20"]
[Round "6.3"]
[White "McMichael, Richard"]
[Black "Yastrebov, Alexander"]
[Result "1-0"]
[WhiteElo "2265"]
[BlackElo "2181"]
[PlyCount "131"]
[EventDate "2002.01.20"]
[SourceDate "2001.01.01"]

1. c4 e5 2. g3 c6 3. Bg2 d5 4. cxd5 cxd5 5. d4 exd4 6. Nf3 Bb4+ 7. Nbd2 d3 8.
O-O dxe2 9. Qxe2+ Ne7 10. a3 Bd6 11. b4 O-O 12. Bb2 Bd7 13. Rfe1 a6 14. Qd3
Nbc6 15. Rad1 Rc8 16. Nh4 Be6 17. Ndf3 h6 18. Nd4 Bg4 19. Nxc6 Nxc6 20. Bf3
Bxf3 21. Qxf3 Re8 22. Rxe8+ Qxe8 23. Bxg7 Qe6 24. Nf5 Ne7 25. Nxe7+ Bxe7 26.
Bxh6 Rd8 27. Be3 Bf6 28. Bd4 Bxd4 29. Rxd4 Qe5 30. Qg4+ Kf8 31. h4 Re8 32. Rf4
Re6 33. Qf3 f6 34. Qd3 Rc6 35. Qd4 Qxd4 36. Rxd4 Rd6 37. Kg2 Ke7 38. Kf3 Ke6
39. Kf4 Rc6 40. a4 b5 41. axb5 axb5 42. g4 Rc4 43. Ke3 Rc3+ 44. Kd2 Rh3 45. h5
Ke5 46. Rd3 Rh4 47. f3 f5 48. Kc3 fxg4 49. fxg4 Rxg4 50. Rh3 Ke4 51. h6 d4+ 52.
Kd2 Rg2+ 53. Ke1 Rg1+ 54. Kf2 d3 55. Re3+ Kf4 56. Re1 Rg8 57. h7 Ra8 58. Rd1
Ke4 59. Rh1 d2 60. Ke2 Rd8 61. Kd1 Rh8 62. Kxd2 Rd8+ 63. Ke2 Rh8 64. Rh4+ Kd5
65. Kd3 Ke5 66. Rh5+ 1-0

[Event "4NCL/Div2/KHE vs. PYO"]
[Site "Birmingham ENG"]
[Date "2002.01.20"]
[Round "6.4"]
[White "Hodge, David J"]
[Black "Mackenzie, Colin"]
[Result "1/2-1/2"]
[WhiteElo "2163"]
[BlackElo "2164"]
[PlyCount "55"]
[EventDate "2002.01.20"]
[SourceDate "2001.01.01"]

1. e4 e6 2. d4 d5 3. Nd2 c5 4. exd5 exd5 5. Ngf3 Nc6 6. Bb5 Bd6 7. O-O Nge7 8.
dxc5 Bxc5 9. Nb3 Bd6 10. c3 O-O 11. Re1 Bg4 12. Be2 Qc7 13. h3 Bd7 14. Nbd4 a6
15. Qc2 Nxd4 16. Nxd4 Nc6 17. Be3 Ne5 18. Rad1 Rfe8 19. Nf5 Bc5 20. Rxd5 Bxf5
21. Qxf5 Bxe3 22. fxe3 Re7 23. Qf2 Rae8 24. e4 Ng6 25. Rd4 Rxe4 26. Rxe4 Rxe4
27. Bf3 Rxe1+ 28. Qxe1 1/2-1/2

[Event "4NCL/Div2/KHE vs. PYO"]
[Site "Birmingham ENG"]
[Date "2002.01.20"]
[Round "6.5"]
[White "Kwiatkowski, Feliks J"]
[Black "Rendle, Thomas E"]
[Result "0-1"]
[WhiteElo "2213"]
[BlackElo "2135"]
[PlyCount "174"]
[EventDate "2002.01.20"]
[SourceDate "2001.01.01"]

1. e4 e6 2. d4 d5 3. Nd2 Be7 4. Bd3 c5 5. dxc5 Nf6 6. Qe2 Nc6 7. Ngf3 Nb4 8.
Nb3 Nxd3+ 9. cxd3 a5 10. Bg5 a4 11. Nbd2 h6 12. Be3 Qa5 13. O-O Bxc5 14. Bxc5
Qxc5 15. e5 Nd7 16. Rac1 Qb4 17. Rc2 b6 18. a3 Qf4 19. Rfc1 Ba6 20. Rc3 Nc5 21.
g3 Qg4 22. Qe3 Qg6 23. Ne1 O-O 24. d4 Ne4 25. Rc7 Nxd2 26. Qxd2 Bc4 27. Ng2
Rfc8 28. Rxc8+ Rxc8 29. Ne3 b5 30. Nd1 Qg4 31. Nc3 Rf8 32. Kg2 f6 33. Qf4 Qh5
34. exf6 Rxf6 35. Qe3 Qf5 36. Re1 Qc2 37. Ne2 Qxb2 38. Nf4 b4 39. axb4 a3 40.
Nxe6 a2 41. Nxg7 a1=Q 42. Qe8+ Kh7 43. Nf5 Qxe1 44. Qxe1 Rxf5 45. Qe7+ Kg6 46.
Qe6+ Kg7 47. Qxf5 Qxd4 48. Qd7+ Kf6 49. Qd6+ Kf5 50. Qd7+ Kg6 51. Qe8+ Kh7 52.
Qd7+ Qg7 53. Qf5+ Kh8 54. Qc8+ Qg8 55. Qc6 Kg7 56. Qc7+ Qf7 57. Qe5+ Kh7 58. f3
Bd3 59. Qd4 Bg6 60. Kf2 Qd7 61. h4 Bf7 62. Ke3 Qe6+ 63. Kf2 Qh3 64. Qf4 Qe6 65.
Qd4 Qc6 66. Ke3 Qc1+ 67. Kf2 Qc4 68. Ke3 Kg6 69. Qxc4 dxc4 70. g4 Kf6 71. Kd4
Ke7 72. h5 Kd6 73. g5 hxg5 74. h6 Bg8 75. b5 Kc7 76. h7 Bxh7 77. Kxc4 Kd6 78.
Kd4 Bf5 79. b6 Bc8 80. Ke4 Ke6 81. f4 Bb7+ 82. Ke3 g4 83. Kf2 Kf5 84. Kg3 Ba8
85. Kf2 Kxf4 86. Kg1 Kg3 87. Kf1 Kh2 0-1

[Event "4NCL/Div2/KHE vs. PYO"]
[Site "Birmingham ENG"]
[Date "2002.01.20"]
[Round "6.6"]
[White "Gilbert, Jessie"]
[Black "O'Shaughnessy, Conor"]
[Result "1/2-1/2"]
[WhiteElo "2090"]
[BlackElo "2216"]
[PlyCount "116"]
[EventDate "2002.01.20"]
[SourceDate "2001.01.01"]

1. d4 Nf6 2. c4 e6 3. Nc3 c5 4. d5 exd5 5. cxd5 d6 6. e4 g6 7. f3 Bg7 8. Bg5 h6
9. Be3 O-O 10. Qd2 Kh7 11. a4 Nbd7 12. Nh3 a6 13. Be2 Rb8 14. Nf2 Qc7 15. O-O
Ng8 16. Rae1 Qa5 17. Qc2 b5 18. axb5 axb5 19. f4 b4 20. Ncd1 b3 21. Qd2 Qxd2
22. Bxd2 Ngf6 23. Ne3 Ne8 24. Nc4 Nb6 25. Nd1 f5 26. Nxb6 Rxb6 27. Bc4 fxe4 28.
Rxe4 Nf6 29. Re7 Ba6 30. Bxa6 Rxa6 31. Bc3 Kg8 32. Ne3 Nh5 33. Bxg7 Nxg7 34.
Rb7 Nf5 35. Rxb3 Nd4 36. Ra3 Rb6 37. Rf2 Rb4 38. g3 Rfb8 39. Ra6 Rxb2 40. Rxd6
Rxf2 41. Kxf2 Rb2+ 42. Kf1 g5 43. Rxh6 gxf4 44. gxf4 Kg7 45. Rh3 Kf6 46. Rg3
Nf5 47. Ng4+ Ke7 48. Rd3 Kd6 49. Ne5 Rb4 50. Nf7+ Kd7 51. Kg2 Rxf4 52. Ra3 Nh4+
53. Kg3 Rxf7 54. Ra7+ Ke8 55. Ra8+ Ke7 56. Kxh4 Rf5 57. Kg4 Rxd5 58. h4 Kf6
1/2-1/2

[Event "4NCL/Div2/KHE vs. PYO"]
[Site "Birmingham ENG"]
[Date "2002.01.20"]
[Round "6.7"]
[White "Gilfillan, Andrew"]
[Black "Lazhevskaya, Zhanna"]
[Result "1-0"]
[WhiteElo "2024"]
[BlackElo "2103"]
[PlyCount "91"]
[EventDate "2002.01.20"]
[SourceDate "2001.01.01"]

1. e4 e5 2. Nf3 Nc6 3. Bc4 Nf6 4. d3 h6 5. c3 Bc5 6. b4 Bd6 7. Nbd2 O-O 8. Nf1
Ne7 9. Ng3 c6 10. O-O Bc7 11. d4 d5 12. exd5 e4 13. d6 Qxd6 14. Ne5 Ned5 15.
Qe1 Re8 16. Nxe4 Nxe4 17. Qxe4 f6 18. Qg6 Bf5 19. Qxf5 fxe5 20. g3 exd4 21. Bf4
Qd8 22. Bxd5+ cxd5 23. Bxc7 Qxc7 24. Qxd5+ Kh8 25. Qxd4 Rad8 26. Qxa7 Rd5 27.
Rad1 Rde5 28. Qd4 Qf7 29. a4 Qh5 30. a5 R8e7 31. Qf4 Rf5 32. Rd8+ Kh7 33. Qc4
Ref7 34. Qe4 Qg5 35. Rd5 g6 36. Rxf5 gxf5 37. Qe3 f4 38. Qe4+ Kg7 39. Re1 fxg3
40. hxg3 Rf6 41. Qxb7+ Rf7 42. Qe4 Rf6 43. a6 Qd2 44. Qe7+ Kg6 45. Qe8+ Rf7 46.
Qe3 1-0